|
|
|
|
| LEADER |
00000nab a2200000 i 4500 |
| 001 |
publ1147 |
| 005 |
20190201090910.0 |
| 008 |
190130s2017 hu o 000 zxx d |
| 022 |
|
|
|a 0424-8848
|
| 040 |
|
|
|a BGE Publikációtár Repozitórium
|b hun
|
| 100 |
1 |
|
|a Losoncz Miklós
|
| 245 |
1 |
0 |
|a Valódi változások vagy pótcselekvés?
|c Losoncz Miklós
|h [elektronikus dokumentum]
|
| 260 |
|
|
|a Irodalom Kft.
|c 2017-12
|
| 300 |
|
|
|a 18
|
| 490 |
0 |
|
|a Élet és Irodalom
|v 61 No. 51-52
|
| 520 |
3 |
|
|a Az Európai Bizottság 2017. december 6-án tette közzé a Gazdasági és Monetáris Unió elmélyítésére vonatkozó, korábban nyilvánosságra hozott vitaanyagokra támaszkodó javaslatait a végrehajtás menetrendjével együtt, amelyeket az Európai Tanács december 15-i ülése elé terjesztett. A Gazdasági és Monetáris Unió egységét, hatékonyságát és demokratikus elszámoltathatóságát 2025-ig tervezik megerősíteni. Az ambiciózus, de sok tekintetben ellentmondásos célok megvalósítását nagyszámú bizonytalansági és kockázati tényező lassíthatja vagy akadályozhatja.
|
| 650 |
|
4 |
|a közgazdaságtudományok
|
| 695 |
|
|
|a Gazdasági és monetáris unió
|
| 695 |
|
|
|a Európai integráció jövője
|
| 856 |
4 |
0 |
|u https://publikaciotar.uni-bge.hu/id/eprint/1147/1/Losoncz%20Mikl%C3%B3s%20Val%C3%B3di%20v%C3%A1ltoz%C3%A1sok%20vagy%20p%C3%B3tcselekv%C3%A9s_%20%20%282017-12-20%2006_00_00%29.pdf
|z Dokumentum-elérés
|